000 00406nam a2200133Ia 4500
008 220217s9999||||xx |||||||||||||| ||und||
020 _a978-81-317-0229-1
082 _a005.73 TEN
100 _aTenenbaum, Aaron, M. Langsam, Yedidyah and Augenstein, Moshe
245 0 _aData structures using C
260 _aPearson education of asia
_bNew Delhi
_c2010
300 _b325
650 _aDATA STRUCTURES
999 _c179827
_d179827